Война и мир. Т. 1-2 (Запись № 12712979)

Подробности
000 -МАРКЕР
контрольное поле 00960nam2a2200253 4500
001 - ИДЕНТИФИКАТОР ЗАПИСИ
контрольное поле RU\NLR\BIBL_A\016212882
005 - ИДЕНТИФИКАТОР ВЕРСИИ
контрольное поле 20221212150658.0
010 ## - МЕЖДУНАРОДНЫЙ СТАНДАРТНЫЙ НОМЕР КНИГИ (ISBN)
Номер (ISBN) 978-5-04-170290-8
Тираж 10000
021 ## - НОМЕР ГОСУДАРСТВЕННОЙ РЕГИСТРАЦИИ
Код страны Российская Федерация
Номер КН-П-22-072514
Номер Листа государственной регистраци КН-П-22-6311
035 ## - ДРУГИЕ СИСТЕМНЫЕ НОМЕРА
Идентификатор записи (NLR Aleph) 016212882
100 ## - ДАННЫЕ ОБЩЕЙ ОБРАБОТКИ
Данные общей обработки 20221121d2022 u y0rusy50 ca
101 0# - ЯЗЫК РЕСУРСА
Язык текста, звукозаписи и т.д. русский
102 ## - СТРАНА ПУБЛИКАЦИИ ИЛИ ПРОИЗВОДСТВА
Страна публикации Российская Федерация
105 ## - ПОЛЕ КОДИРОВАННЫХ ДАННЫХ: ТЕКСТОВЫЕ МАТЕРИАЛЫ, МОНОГРАФИЧЕСКИЕ
Кодированные данные о монографическом текстовом документе y z 000ay
200 0# - ЗАГЛАВИЕ И СВЕДЕНИЯ ОБ ОТВЕТСТВЕННОСТИ
Основное заглавие Т. 1-2
210 ## - ПУБЛИКАЦИЯ, РАСПРОСТРАНЕНИЕ И ДР.
Дата издания, распространения и т.д. 2022
215 ## - ФИЗИЧЕСКАЯ ХАРАКТЕРИСТИКА
Специфическое обозначение материала и объем 700, [2] с.
225 1# - СЕРИЯ
Основное заглавие серии ...
Обозначение тома 006
461 #0 - УРОВЕНЬ НАБОРА
Встроенное поле 001RU\NLR\BIBL_A\016212877
-- 2001#$aВойна и мир$e[роман]$fЛев Толстой$vТ. 1-2
-- 700#1$aТолстой$bЛ. Н.$f1828-1910$gЛев Николаевич$3RU\NLR\AUTH\771515
Системный номер (АБИС) связанной записи 12712963
Автор Толстой, Л. Н. (1828-1910)
Место публикации Москва
Дата публикации 2022
Первые сведения об ответственности Лев Толстой
Имя издателя, распространителя и т.д. Эксмо
Сведения, относящиеся к заглавию [роман]
Заглавие Война и мир
Номер тома Т. 1-2
942 ## - ДОПОЛНИТЕЛЬНЫЕ ЭЛЕМЕНТЫ ЗАПИСИ (АБИС)
Тип экземпляра АБИС Книга
980 ## - КОЛЛЕКЦИЯ
Название коллекции Национальная библиография
Экземпляры
Тип экземпляра Дата поступления Источник поступления Библиотека постоянного хранения Библиотека текущего хранения Место хранения Шифр хранения Штрих-код Статус экземпляра
Книга 21.11.2022 Обязательный экземпляр РНБ (Московский) РНБ (Московский) Русский книжный фонд: издания с 1957 года 2022-3/32165 1-4054852  
Книга 21.11.2022 Обязательный экземпляр РНБ (Московский) РНБ (Московский) Обменный фонд   1-4054856